| 000 | 00823cam a22002531 4500 | ||
|---|---|---|---|
| 001 | sa 65004585 | ||
| 003 | DLC | ||
| 005 | 20260227112132.0 | ||
| 008 | 781102s1960 ii 001 0 eng | ||
| 010 | _asa 65004585 | ||
| 035 | _a(OCoLC)4342418 | ||
| 040 |
_aDLC _cCSdS _dDLC |
||
| 042 | _apremarc | ||
| 050 | 0 | 0 |
_aPK119 _b.U6 |
| 100 | 1 | _aUpasak, Chandrika Singh. | |
| 245 | 1 | 4 | _aThe history and palæography of Mauryan Brāhmī script. |
| 260 |
_aNālandā, India, _bNava Nālandā Mahāvihāra, _c1960. |
||
| 300 |
_a344 p. _c26 cm. |
||
| 490 | 0 |
_aNalanda Institute of Research and Post-graduate Studies in Buddhist Learning and Pali. Research publication _vv.3 |
|
| 502 | _aThesis - University of London. | ||
| 504 | _aBibliography : p. [321]-326. | ||
| 500 | _aIncludes index. | ||
| 650 | 0 | _aBrahmi alphabet. | |
| 999 |
_c63838 _d63838 |
||